Malversación y lesión del patrimonio público: apropiación, distracción y desviación, por funcionario, de caudales públicos

Đã lưu trong:
Chi tiết về thư mục
Những tác giả chính: Mata Barranco, Norberto J. de la (autor), Etxebarria, Xabier (Tác giả)
Định dạng: Sách
Ngôn ngữ:Tiếng Tây Ban Nha
Được phát hành: Barcelona José María Bosch 1995
Những chủ đề:
Các nhãn: Thêm thẻ
Không có thẻ, Là người đầu tiên thẻ bản ghi này!

MARC

LEADER 00000nam a2200000 a 4500
001 UCM0964
003 CL-VaPUC
008 020322e19950500SP |||||||||||||||||spa|d
082 0 4 |a 353.46  |b MAT  |2 21 
100 |a Mata Barranco, Norberto J. de la  |e autor  |9 604029 
700 0 |a Etxebarria, Xabier  |e author  |9 467942 
245 1 0 |a Malversación y lesión del patrimonio público: apropiación, distracción y desviación, por funcionario, de caudales públicos 
300 |a 129 p 
942 |c BK 
945 |d 20020322 00:00:00  |a vberengu 
260 |a Barcelona  |b José María Bosch  |c 1995 
650 7 |a MALVERSACION DE CAUSALES PUBLICOS  |2 CL-VaPUC  |9 467943 
650 0 |a Derecho español  |9 255291 
650 7 |a CODIGO PENAL ESPAÑOL  |2 CL-VaPUC  |9 450862 
650 7 |a DELITOS PATRIMONIALES  |2 CL-VaPUC  |9 467944 
650 0 |a Delitos contra la administración   |9 368519 
650 0 |a Derecho comparado  |9 255664 
583 |a last modification  |c 20020322 00:00:00  |k Rodrigo Vera 
999 |c 299692  |d 299690 
952 |0 0  |1 0  |4 0  |6 353_460000000000000_MAT_1995  |7 0  |8 A  |9 356568  |a BIBDER  |b BIBDER  |d 2019-11-21  |i 3758435  |o 353.46 MAT 1995  |p 3758435  |r 2023-01-25  |w 2019-11-21  |y BK  |k DER